01286cam a22003255a 45000010009000000050017000090080041000260100017000670200028000840200031001120400033001430820024001762450064002002460058002642500014003222600038003363000033003744900030004075000113004375000024005506500062005746500052006366510010006886530024006986550024007227000047007469420008007939990017008019520142008181624025920161003144208.0100518t2011 nyua fr 001 0 eng d a 2010018805 a0071713603 (alk. paper) a9780071713603 (alk. paper) aDLCbengcDLCdDLCdEG-ScBUE04a620.104076bENG22200aEngineering mechanics dynamics /cE. W. Nelson ... [et al.]33aSchaum’s outlines of engineering mechanics dynamics a[6th ed.] aNew York :bMcGraw-Hill,cc.2011. avi, 306 p. :bill. ;c28 cm.0 aSchaum’s outline series aRev. ed. of: Schaum's outline of theory and problems of engineering mechanics : statics and dynamics. c1988. aIndex : p. 305-306. 7aMechanics, AppliedvOutlines, syllabi, etc.2BUEsh941303 0aDynamicsvOutlines, syllabi, etc.2BUEsh941304 2BUEsh bENGELCcOctober2016 vReading book9342321 aNelson, E. W.‏q(Eric William)‏941302 2ddc c22442d22414 00102ddc40708BaccahaMAINbMAINc1STd2016-10-03ePurchaseg100.00l1o620.104076 ENGp000033791r2025-07-15 00:00:00s2019-08-27yBB